Normal view
MARC view
- : Seitz, Frederick
Entry Personal Name
001 - CONTROL NUMBER
- control field: 99949
003 - CONTROL NUMBER IDENTIFIER
- control field: NUST
005 - DATE AND TIME OF LATEST TRANSACTION
- control field: 20221011155924.0
008 - FIXED-LENGTH DATA ELEMENTS
- fixed length control field: 221011|| aca||aabn | a|a d
040 ## - CATALOGING SOURCE
- Original cataloging agency: NUST
- Transcribing agency: NUST
100 ## - HEADING--PERSONAL NAME
- Personal name: : Seitz, Frederick
670 ## - SOURCE DATA FOUND
- Source citation: Work cat.: (NUST)183440: : Seitz, Frederick,, The modern theory of solids,, inc., 1940.
